Galit sa basura/EMB/DECS/ADB(25 mins.) : (Record no. 108571)
[ view plain ]
| 000 -LEADER | |
|---|---|
| fixed length control field | 00308nam a2200109 a 4500 |
| 005 - DATE AND TIME OF LATEST TRANSACTION | |
| control field | 20140414093829.0 |
| 008 - FIXED-LENGTH DATA ELEMENTS--GENERAL INFORMATION | |
| fixed length control field | 970101s19uu xx 00 eng d |
| 050 ## - LIBRARY OF CONGRESS CALL NUMBER | |
| Classification number | VHS 800 |
| Item number | R 06 |
| 245 ## - TITLE STATEMENT | |
| Title | Galit sa basura/EMB/DECS/ADB(25 mins.) : |
| Remainder of title | hiwalay kung hiwalay (NCUT 33 mins.). |
| 942 ## - ADDED ENTRY ELEMENTS (KOHA) | |
| Koha item type | Audio Visual Materials |
| Withdrawn status | Lost status | Damaged status | Home library | Current library | Shelving location | Date acquired | Source of acquisition | Total Checkouts | Full call number | Barcode | Date last seen | Price effective from | Koha item type |
|---|---|---|---|---|---|---|---|---|---|---|---|---|---|
| Luxembourg Library | Luxembourg Library | Audio Visual Material Section | 04/29/2003 | VHS 800 R 06 | R80006 | 04/14/2014 | 04/14/2014 | Audio Visual Materials |